000 nam a22 7a 4500
999 _c336703
_d336703
003 IT-MiCISF
005 20170531143734.0
008 170531b xxu||||| |||| 00| 0 eng d
040 _cIT-MiCISF
041 _ait
100 _aMcManamy Heather
_956501
245 _aLettere a mia figlia sul senso della vita
260 _aMilano
_bCairo
_c2016
300 _app. 187
500 _afamiglia, malato-in-famiglia, malato-oncologico, madre, esperienze
520 _aHeather ha trentatré anni, un marito speciale e una bambina meravigliosa, una bella casa e un lavoro che le piace: una vita perfetta. Poi un giorno, all’improvviso, le viene diagnosticato un tumore al seno, stadio IV: due anni da vivere, al massimo. Assorbito lo choc iniziale, il suo primo pensiero è per la figlia Brianna, quattro anni, a tutto quello che deve ancora dirle. È così che le viene un’idea: per tutti i momenti fondamentali come il primo giorno di scuola, la prima cotta, la patente, la laurea, il matrimonio, un successo ma anche solo una giornataccia, Brianna troverà una lettera colorata di sua madre ad aspettarla. Lettere intense, vere, emozionanti, che sono raccolte qui, insieme ai pensieri sull’amore, sulla speranza, sulla vita, sul senso ultimo delle cose. Un regalo prezioso per la piccola Brianna, per il marito Jeff, per gli amici, per la famiglia e per tutti i lettori, per imparare a vivere ogni minuto, ogni ora, ogni giorno con pienezza, gratitudine e allegria.
650 _afamiglia
_956036
654 _atestimonianza
700 _aCroyle W.
_956502
942 _2ddc
_cBK